Popular 'H' Girls' Names (US 2016) Quiz Stats

 Plays Quiz not verified by Sporcle

Challenge
Share
Tweet
Embed
Score 0/36 Timer 05:00
0 Plays Today
Rank Name % Correct
33Hannah
96.7%
530Hanna
96.7%
845Hana
96.7%
68Hailey
96%
324Haley
96%
586Haylee
96%
624Hayley
96%
940Hailee
96%
527Holly
82.5%
408Helen
81.9%
10Harper
80.4%
518Helena
78.7%
577Hallie
77.6%
966Halle
77.6%
224Harley
73.1%
638Harlee
73.1%
950Harleigh
73.1%
108Hadley
71.6%
Rank Name % Correct
720Hadlee
71.6%
879Hadleigh
71.6%
327Heaven
70.1%
982Heather
69.6%
241Hope
67.3%
52Hazel
66.1%
205Hayden
66.1%
363Heidi
64%
294Haven
61.2%
503Hattie
59.1%
191Harmony
52.5%
981Harmoni
52.5%
420Harlow
40.7%
512Henley
35.8%
843Hunter
33.9%
832Heavenly
26%
660Hadassah
25.8%
883Holland
21%

You're not logged in!

Compare scores with friends on all Sporcle quizzes.
Join for Free
OR
Log In

You Might Also Like...

Show Comments

Extras

Top Quizzes Today


Score Distribution

Your Account Isn't Verified!

In order to create a playlist on Sporcle, you need to verify the email address you used during registration. Go to your Sporcle Settings to finish the process.

Report this User

Report this user for behavior that violates our Community Guidelines.

Details: